Environmental health and hazard risk assessment : (Record no. 19463)
[ view plain ]
| 000 -LEADER | |
|---|---|
| fixed length control field | 01680cam a22002895a 4500 |
| 001 - CONTROL NUMBER | |
| control field | 17145682 |
| 005 - DATE AND TIME OF LATEST TRANSACTION | |
| control field | 20150527122228.0 |
| 008 - FIXED-LENGTH DATA ELEMENTS--GENERAL INFORMATION | |
| fixed length control field | 120202t2012 fluadk frb 001 0 eng d |
| 020 ## - INTERNATIONAL STANDARD BOOK NUMBER | |
| International Standard Book Number | 9781439868874 (hardback) |
| 040 ## - CATALOGING SOURCE | |
| Original cataloging agency | DLC |
| Transcribing agency | DLC |
| Modifying agency | DLC |
| -- | EG-ScBUE |
| 082 00 - DEWEY DECIMAL CLASSIFICATION NUMBER | |
| Classification number | 363.702 |
| Edition number | 22 |
| Item number | THE |
| 100 1# - MAIN ENTRY--PERSONAL NAME | |
| Personal name | Theodore, Louis. |
| 9 (RLIN) | 36768 |
| 245 10 - TITLE STATEMENT | |
| Title | Environmental health and hazard risk assessment : |
| Remainder of title | principles and calculations / |
| Statement of responsibility, etc | Louis Theodore and R. Ryan Dupont. |
| 260 ## - PUBLICATION, DISTRIBUTION, ETC. (IMPRINT) | |
| Place of publication, distribution, etc | Boca Raton : |
| Name of publisher, distributor, etc | CRC Press / Taylor & Francis Group, |
| Date of publication, distribution, etc | c.2012. |
| 300 ## - PHYSICAL DESCRIPTION | |
| Extent | xxiv, 612 p. : |
| Other physical details | charts, forms, tables ; |
| Dimensions | 24 cm. |
| 500 ## - GENERAL NOTE | |
| General note | Index : p.593-612. |
| 504 ## - BIBLIOGRAPHY, ETC. NOTE | |
| Bibliography, etc | Includes bibliographical references. |
| 520 ## - SUMMARY, ETC. | |
| Summary, etc | "With the rise and expansion of the chemical and petroleum industries, so has there been a rise and expansion in related human health problems as well as human, material, and property losses due to fires, explosions, hazardous and toxic spills, equipment failures, and other accidents. This much-needed overview examines the fundamentals of health, safety, and accident management. It draws parallels between theoretical and real-world environmental problems as they relate to both human and environmental risk and offers in-depth guidance on human chemical exposure, emergency preparedness and response, environmental regulations, and much more"-- |
| 650 #0 - SUBJECT ADDED ENTRY--TOPICAL TERM | |
| Topical term or geographic name as entry element | Health risk assessment. |
| Source of heading or term | BUEsh |
| 9 (RLIN) | 31739 |
| 650 #0 - SUBJECT ADDED ENTRY--TOPICAL TERM | |
| Topical term or geographic name as entry element | Environmental health. |
| Source of heading or term | BUEsh |
| 650 #0 - SUBJECT ADDED ENTRY--TOPICAL TERM | |
| Topical term or geographic name as entry element | Hazardous substances |
| General subdivision | Risk assessment. |
| Source of heading or term | BUEsh |
| 650 #0 - SUBJECT ADDED ENTRY--TOPICAL TERM | |
| Topical term or geographic name as entry element | Environmental risk assessment. |
| Source of heading or term | BUEsh |
| 9 (RLIN) | 11942 |
| 653 ## - INDEX TERM--UNCONTROLLED | |
| Resource For college | Engineering, General |
| Arrived date list | May2015 |
| 655 ## - INDEX TERM--GENRE/FORM | |
| Form subdivision | |
| -- | 34232 |
| 700 1# - ADDED ENTRY--PERSONAL NAME | |
| Personal name | Dupont, R. Ryan. |
| 942 ## - ADDED ENTRY ELEMENTS (KOHA) | |
| Source of classification or shelving scheme | Dewey Decimal Classification |
| Withdrawn status | Item status | Source of classification or shelving scheme | Damaged status | Not for loan | Vendor | Home library | Current library | Shelving location | Date acquired | Source of acquisition | Total Checkouts | Total Renewals | Full call number | Barcode | Date last seen | Date last borrowed | Koha item type |
|---|---|---|---|---|---|---|---|---|---|---|---|---|---|---|---|---|---|
| Dewey Decimal Classification | Baccah | Central Library | Central Library | First floor | 27/05/2015 | 1 | 4 | 363.702 THE | 000038344 | 15/07/2025 | 28/09/2019 | Book - Borrowing |